Statistics for Category Elimination - Elements

Click here to take the quiz!

General Stats

  • This quiz has been taken 102 times
  • The average score is 12 of 16

Answer Stats

HintAnswer% Correct
17Nonmetals... (Metalloids not included)Hydrogen | Helium | Carbon | Nitrogen | Oxygen | Fluorine | Neon | Phosphorus | others...
98%
7... with one-letter symbols...Hydrogen | Carbon | Nitrogen | Oxygen | Fluorine | Sulfur | Iodine
97%
3... aren't gases...Carbon | Sulfur | Iodine
92%
38Transition metals... (Lu, Lr not included)Scandium | TItanium | Vanadium | Chromium | Manganese | others...
91%
1... and is found in glucoseCarbon
87%
12Alkali and alkaline earth metals...Lithium | Beryllium | Sodium | Magnesium | Potassium | Calcium | Rubidium | Strontium | Caesium | Barium | Francium | Radium
87%
25ending in -ium...Scandium | TItanium | Vanadium | Chromium | Yttrium | others...
84%
9...without the letter L...Sodium | Magnesium | Potassium | Rubidium | Strontium | Caesium | Barium | Francium | Radium
84%
4without the letter S...Rubidium | Barium | Francium | Radium
80%
1and isn't named after a Latin wordBarium
70%
15Lanthanides...Lanthanum | Cerium | Praseodymium | Neodymium | Promethium | others...
62%
4... containing Y...Praseodymium | Neodymium | Dysprosium | Ytterbium
59%
3... not named after Ytterby...Praseodymium | Neodymium | Dysprosium
57%
1... and not ending in"ymium"Dysprosium
50%
10...are radioactive...Technetium | Rutherfordium | Dubnium | Seaborgium | Bohrium | Hassium | Meitnerium | Darmstadtium | Roentgenium | Copernicium
38%
1... and are named after a German cityDarmstadtium
31%

Score Distribution

Percentile by Number Answered

Percent of People with Each Score

Your Score History

You have not taken this quiz